One Word Per Song Quiz Stats

Quiz Updated Mar 2, 2015

Also try: Song Title Endings
Challenge
Share
Tweet
Embed
Score 0/20 Timer 07:00
6 Plays Today
% Correct
troubles
84.6%
highway
79.4%
buddy
73.1%
glitters
64.1%
remember
62.6%
red
61.8%
lurking
60.2%
control
58.3%
leaves
58%
small
57.5%
% Correct
childhood
54%
wake
49.7%
road
44.8%
completely
39.3%
rains
37.9%
suede
37.4%
mama
36.1%
dead
33.2%
weary
32.5%
stone
28.2%

You're not logged in!

Compare scores with friends on all Sporcle quizzes.
Sign Up with Email
OR
Log In

You Might Also Like...

Show Comments

Extras

Top Quizzes Today


Score Distribution

Your Account Isn't Verified!

In order to create a playlist on Sporcle, you need to verify the email address you used during registration. Go to your Sporcle Settings to finish the process.